000 00417nam a2200157 i 4500
001 147905
003 ES-MaACL
005 20230906202319.0
007 t|
008 071008s1962 sp ||||1| spa d
100 1 _aUrbano, Victoria.
_9112076
245 1 0 _aPlatero y tĂș /
_cVictoria Urbano.
260 _aMadrid :
_b[s.n.],
_c1962 (
_fUguina)
300 _a97 p. ;
_c16 cm.
852 _aES-MaACL
_jC-21777
_bR.50279
999 _c147905
_d147905